000
00306nam a22001337a 4500
008
181106b xxu||||| |||| 00| 0 eng d
020
_a
9780596100735
041
_a
eng
080
_a
004
100
_a
37
101
_a
SHK
245
_a
Analyzing Business Data With Excel
_c
Gurald.K
942
_2
udc
_c
BK
999
_c
52037
_d
52037